Sociology: a handbook for PUC II Year. (Record no. 99774)
[ view plain ]
| 000 -LEADER | |
|---|---|
| fixed length control field | 00497nam a2200193Ia 4500 |
| 003 - CONTROL NUMBER IDENTIFIER | |
| control field | OSt |
| 005 - DATE AND TIME OF LATEST TRANSACTION | |
| control field | 20260602093825.0 |
| 008 - FIXED-LENGTH DATA ELEMENTS--GENERAL INFORMATION | |
| fixed length control field | 210210b1996 xxu||||| |||| 00| 0 eng d |
| 040 ## - CATALOGING SOURCE | |
| Transcribing agency | AL |
| 041 ## - LANGUAGE CODE | |
| Language code of text/sound track or separate title | English |
| 082 ## - DEWEY DECIMAL CLASSIFICATION NUMBER | |
| Classification number | 301 PAIS |
| 100 ## - MAIN ENTRY--PERSONAL NAME | |
| Personal name | PAIS (Richard) & others, Eds. |
| 9 (RLIN) | 163020 |
| 245 ## - TITLE STATEMENT | |
| Title | Sociology: a handbook for PUC II Year. |
| 260 ## - PUBLICATION, DISTRIBUTION, ETC. | |
| Place of publication, distribution, etc. | Mangalore |
| Name of publisher, distributor, etc. | Mangalore Sociology Association |
| Date of publication, distribution, etc. | 1996 |
| 300 ## - PHYSICAL DESCRIPTION | |
| Extent | x.,92 |
| 690 ## - LOCAL SUBJECT ADDED ENTRY--TOPICAL TERM (OCLC, RLIN) | |
| Topical term or geographic name as entry element | Sociology |
| 9 (RLIN) | 163021 |
| 906 ## - LOCAL DATA ELEMENT F, LDF (RLIN) | |
| a | 050989 |
| 942 ## - ADDED ENTRY ELEMENTS (KOHA) | |
| Source of classification or shelving scheme | Dewey Decimal Classification |
| Koha item type | Book |
| Withdrawn status | Lost status | Damaged status | Not for loan | Collection code | Home library | Current library | Shelving location | Date acquired | Cost, normal purchase price | Total Checkouts | Full call number | Barcode | Date last seen | Price effective from | Koha item type | Source of classification or shelving scheme |
|---|---|---|---|---|---|---|---|---|---|---|---|---|---|---|---|---|
| Discarded | St Aloysius Library | St Aloysius Library | 02/17/2021 | 0.00 | 301 PAIS | 050989 | 02/17/2021 | 02/17/2021 | Book | |||||||
| Discarded | St Aloysius Library | St Aloysius Library | 02/17/2021 | 0.00 | 301 PAIS | 050988 | 02/17/2021 | 02/17/2021 | Book | |||||||
| Discarded | St Aloysius Library | St Aloysius Library | 02/17/2021 | 35.00 | 301 PAIS | 053383 | 02/17/2021 | 02/17/2021 | Book | |||||||
| Discarded | St Aloysius Library | St Aloysius Library | 02/17/2021 | 35.00 | 301 PAIS | 053384 | 02/17/2021 | 02/17/2021 | Book | |||||||
| Discarded | Sociology | St Aloysius Library | St Aloysius Library | 09/13/2023 | 310/138 PAIS | 054405 | 09/13/2023 | 09/13/2023 | Book | Dewey Decimal Classification | ||||||
| Discarded | Sociology | St Aloysius Library | St Aloysius Library | 09/13/2023 | 310/139 PAIS | 054406 | 09/13/2023 | 09/13/2023 | Book | Dewey Decimal Classification |